[Event "Regionalliga SO 1617"]
[Site "Bayern"]
[Date "2017.02.19"]
[Round "6.8"]
[White "Hoeller, Armin"]
[Black "Steinberg, Sven"]
[Result "1-0"]
[WhiteElo "1961"]
[BlackElo "1866"]
[PlyCount "27"]
[EventDate "2016.10.16"]
[EventType "team-tourn"]
[EventRounds "9"]
[EventCountry "GER"]
[SourceTitle "EXT 2019"]
[Source "ChessBase"]
[SourceDate "2018.10.10"]
[SourceVersion "1"]
[SourceVersionDate "2018.10.10"]
[SourceQuality "1"]
[WhiteTeam "Ilmmuenster"]
[BlackTeam "Trostberg"]
[WhiteTeamCountry "GER"]
[BlackTeamCountry "GER"]

1. c4 f5 2. g3 Nf6 3. Bg2 e6 4. Nf3 d5 5. 0-0 c6 6. b3 Bd6 7. Bb2 0-0 8. d3 Bd7 9. Nbd2 Be8 10. Qc2 Bh5 11. e4 fxe4 12. dxe4 Nxe4 13. Nxe4 Bxf3 14. Qc3 1-0

[Event "Regionalliga SO 0809"]
[Site "Bayern"]
[Date "2009.01.11"]
[Round "5.5"]
[White "Ipfelkofer, Frank"]
[Black "Steinberg, Sven"]
[Result "1-0"]
[WhiteElo "2101"]
[BlackElo "1974"]
[PlyCount "45"]
[EventDate "2008.10.05"]
[EventType "team-tourn"]
[EventRounds "9"]
[EventCountry "GER"]
[SourceTitle "EXT 2020"]
[Source "ChessBase"]
[SourceDate "2019.10.17"]
[SourceVersion "1"]
[SourceVersionDate "2019.10.17"]
[SourceQuality "1"]
[WhiteTeam "Passau II"]
[BlackTeam "Trostberg"]
[WhiteTeamCountry "GER"]
[BlackTeamCountry "GER"]

1. e4 c5 2. c4 Nc6 3. Nf3 g6 4. d4 cxd4 5. Nxd4 Bg7 6. Be3 Nf6 7. Nc3 d6 8. Be2 0-0 9. 0-0 Nxd4 10. Bxd4 b6 11. f4 Bb7 12. Bf3 Rc8 13. Qd3 Nd7 14. Bxg7 Kxg7 15. Rad1 f6 16. b3 a5 17. Bg4 h5 18. Bf3 Qe8 19. Qe3 Bc6 20. Ne2 Nc5 21. h4 Rd8 22. f5 Bd7 23. Nf4 1-0

[Event "Regionalliga SO 0708"]
[Site "Bayern"]
[Date "2007.12.09"]
[Round "4.8"]
[White "Steinberg, Sven"]
[Black "Kiener, Georg"]
[Result "0-1"]
[WhiteElo "1974"]
[BlackElo "2019"]
[PlyCount "48"]
[EventDate "2007.10.21"]
[EventType "team-tourn"]
[EventRounds "9"]
[EventCountry "GER"]
[SourceTitle "EXT 2009"]
[Source "ChessBase"]
[SourceDate "2008.11.26"]
[SourceVersion "1"]
[SourceVersionDate "2008.11.26"]
[SourceQuality "1"]
[WhiteTeam "Trostberg"]
[BlackTeam "Pang/Rosenheim II"]
[WhiteTeamCountry "GER"]
[BlackTeamCountry "GER"]

1. e4 c5 2. c3 Nf6 3. e5 Nd5 4. d4 cxd4 5. Nf3 d6 6. cxd4 Nc6 7. Be2 g6 8. 0-0 Bg7 9. Re1 0-0 10. Bc4 dxe5 11. Nxe5 Nb6 12. Nxc6 bxc6 13. Bb3 Bxd4 14. Bh6 Bxb2 15. Qf3 Bxa1 16. Nc3 Bb2 17. Rb1 Bf5 18. Rxb2 Qd3 19. Qxd3 Bxd3 20. Bxf8 Kxf8 21. Rd2 Bf5 22. f3 h5 23. Rd4 c5 24. Rf4 c4 0-1

[Event "Regionalliga SO 0708"]
[Site "Bayern"]
[Date "2007.11.04"]
[Round "2.8"]
[White "Steinberg, Sven"]
[Black "Hartmann, Karl Heinz"]
[Result "1-0"]
[WhiteElo "1974"]
[BlackElo "1795"]
[PlyCount "50"]
[EventDate "2007.10.21"]
[EventType "team-tourn"]
[EventRounds "9"]
[EventCountry "GER"]
[SourceTitle "EXT 2009"]
[Source "ChessBase"]
[SourceDate "2008.11.26"]
[SourceVersion "1"]
[SourceVersionDate "2008.11.26"]
[SourceQuality "1"]
[WhiteTeam "Trostberg"]
[BlackTeam "Ebersberg"]
[WhiteTeamCountry "GER"]
[BlackTeamCountry "GER"]

1. e4 e6 2. d4 d5 3. e5 c5 4. c3 Nc6 5. Nf3 Qb6 6. a3 f6 7. Bd3 fxe5 8. Nxe5 Nxe5 9. dxe5 Qc7 10. Qh5+ Kd8 11. 0-0 Nh6 12. Bxh6 gxh6 13. f4 c4 14. Bc2 Qb6+ 15. Kh1 Qxb2 16. Qf7 Qxc2 17. Qf6+ Ke8 18. Qxh8 Qb2 19. f5 exf5 20. Qg8 Qxa1 21. e6 Ke7 22. Qf7+ Kd6 23. Qxf8+ Kxe6 24. Re1+ Kd7 25. Qc5 b6 1-0

[Event "Regionalliga SO 0607"]
[Site "Bayern"]
[Date "2007.03.18"]
[Round "7.6"]
[White "Steinberg, Sven"]
[Black "Jurasic, Marinko"]
[Result "1/2-1/2"]
[WhiteElo "1958"]
[BlackElo "1859"]
[PlyCount "38"]
[EventDate "2006.10.15"]
[EventType "team-tourn"]
[EventRounds "9"]
[EventCountry "GER"]
[SourceTitle "EXT 2008"]
[Source "ChessBase"]
[SourceDate "2007.11.25"]
[SourceVersion "1"]
[SourceVersionDate "2007.11.25"]
[SourceQuality "1"]
[WhiteTeam "Trostberg"]
[BlackTeam "Straubing"]
[WhiteTeamCountry "GER"]
[BlackTeamCountry "GER"]

1. e4 e6 2. d4 d5 3. e5 c5 4. c3 Nc6 5. Nf3 Nge7 6. Bd3 b6 7. 0-0 Qc7 8. Bf4 Ng6 9. Bg3 Be7 10. Nbd2 Bd7 11. Re1 a5 12. dxc5 bxc5 13. h4 a4 14. a3 Na5 15. h5 Nf8 16. Bc2 Nb7 17. Nf1 h6 18. Ne3 Bc6 19. Qe2 Nd7 1/2-1/2

[Event "Regionalliga SO 0607"]
[Site "Bayern"]
[Date "2006.11.19"]
[Round "3.7"]
[White "Schubert, Josef"]
[Black "Steinberg, Sven"]
[Result "1/2-1/2"]
[WhiteElo "1948"]
[BlackElo "1958"]
[PlyCount "26"]
[EventDate "2006.10.15"]
[EventType "team-tourn"]
[EventRounds "9"]
[EventCountry "GER"]
[SourceTitle "EXT 2008"]
[Source "ChessBase"]
[SourceDate "2007.11.25"]
[SourceVersion "1"]
[SourceVersionDate "2007.11.25"]
[SourceQuality "1"]
[WhiteTeam "Landshut"]
[BlackTeam "Trostberg"]
[WhiteTeamCountry "GER"]
[BlackTeamCountry "GER"]

1. e4 c5 2. Nf3 Nc6 3. g3 g6 4. Bg2 Bg7 5. 0-0 e6 6. d3 Nge7 7. Nbd2 d5 8. c3 0-0 9. Re1 b6 10. Qa4 Bb7 11. Nf1 h6 12. Bf4 d4 13. c4 e5 1/2-1/2

[Event "Regionalliga SO 0607"]
[Site "Bayern"]
[Date "2006.10.29"]
[Round "2.7"]
[White "Steinberg, Sven"]
[Black "Soergel, Thomas"]
[Result "1/2-1/2"]
[WhiteElo "1958"]
[BlackElo "1986"]
[PlyCount "117"]
[EventDate "2006.10.15"]
[EventType "team-tourn"]
[EventRounds "9"]
[EventCountry "GER"]
[SourceTitle "EXT 2008"]
[Source "ChessBase"]
[SourceDate "2007.11.25"]
[SourceVersion "1"]
[SourceVersionDate "2007.11.25"]
[SourceQuality "1"]
[WhiteTeam "Trostberg"]
[BlackTeam "Graefelfing"]
[WhiteTeamCountry "GER"]
[BlackTeamCountry "GER"]

1. e4 c5 2. c3 d5 3. exd5 Qxd5 4. d4 e6 5. Na3 cxd4 6. Nb5 Qe5+ 7. Be2 Nc6 8. Nf3 Qb8 9. Nbxd4 Bd7 10. 0-0 Nf6 11. Bg5 Be7 12. Bb5 Nxd4 13. Bxd7+ Nxd7 14. Qxd4 Bxg5 15. Nxg5 Qe5 16. Qd2 Nf6 17. Rfe1 Qd5 18. Qf4 0-0 19. c4 Qa5 20. a3 h6 21. Ne4 Nxe4 22. Qxe4 Qc7 23. b4 Rac8 24. c5 b6 25. Rac1 Rfd8 26. c6 a6 27. a4 Rd5 28. g3 Qd6 29. Qc4 b5 30. axb5 axb5 31. Qc3 Rd4 32. Qc5 Qxc5 33. Rxc5 Rxb4 34. c7 Rc4 35. Rc1 Rxc1+ 36. Rxc1 Kf8 37. h4 Ke7 38. Rb1 Rxc7 39. Rxb5 Rd7 40. Kg2 Rd5 41. Rb7+ Kf6 42. Kf3 Rd4 43. Ke3 Ra4 44. Rc7 g5 45. hxg5+ hxg5 46. f3 g4 47. f4 Ra2 48. Rc3 Kg6 49. Rb3 f5 50. Rc3 Rg2 51. Kd4 Kf6 52. Ra3 Rc2 53. Rb3 Ra2 54. Rc3 Ke7 55. Rb3 Re2 56. Kd3 Rg2 57. Kd4 Re2 58. Kd3 Rf2 59. Kd4 1/2-1/2

[Event "Regionalliga SO 0203"]
[Site "Bayern"]
[Date "2003.01.12"]
[Round "4.8"]
[White "Steinberg, Sven"]
[Black "Wehr, Stephan"]
[Result "1/2-1/2"]
[WhiteElo "1934"]
[BlackElo "2144"]
[PlyCount "110"]
[EventDate "2002.10.20"]
[EventType "team"]
[EventRounds "9"]
[EventCountry "GER"]
[SourceTitle "EXT 2004"]
[Source "ChessBase"]
[SourceDate "2003.11.25"]
[SourceVersion "1"]
[SourceVersionDate "2003.11.25"]
[SourceQuality "1"]
[WhiteTeam "Trostberg"]
[BlackTeam "Starnberg"]
[WhiteTeamCountry "GER"]
[BlackTeamCountry "GER"]

1. e4 c5 2. c3 Nf6 3. e5 Nd5 4. d4 cxd4 5. Nf3 Nc6 6. Bc4 Nb6 7. Bb3 d5 8. exd6 Qxd6 9. cxd4 Be6 10. Nc3 Bxb3 11. Qxb3 e6 12. 0-0 Be7 13. a3 0-0 14. Be3 Rac8 15. Rfd1 Na5 16. Qb5 Nac4 17. Ne5 a6 18. Qb3 Na5 19. Qa2 Nd5 20. Nxd5 Qxd5 21. Qxd5 exd5 22. Rac1 Nc4 23. Nxc4 dxc4 24. d5 Rfd8 25. Bb6 Rd6 26. Ba5 Bf6 27. b3 c3 28. Rc2 b6 29. Bb4 Rd7 30. a4 a5 31. Ba3 Rcd8 32. d6 Kf8 33. f4 Re8 34. Kf2 Re4 35. Kf3 Rd4 36. Rxd4 Bxd4 37. Ke4 Bf6 38. Kd5 Ke8 39. Kc6 Bd4 40. b4 axb4 41. Bxb4 Ra7 42. g4 Kd8 43. Re2 c2 44. Rxc2 Rxa4 45. Kb5 Ra7 46. Re2 Bc5 47. Re4 Bxb4 48. Kxb4 Rd7 49. Rd4 Ra7 50. Kb5 Kd7 51. Kxb6 Ra2 52. h4 f6 53. Kb5 Rc2 54. h5 Rc6 55. f5 Rxd6 1/2-1/2

[Event "Regionalliga SO 0102"]
[Site "Bayern"]
[Date "2001.11.11"]
[Round "2.7"]
[White "Steinberg, Sven"]
[Black "Mittermeier, Josef"]
[Result "1/2-1/2"]
[WhiteElo "1940"]
[BlackElo "2000"]
[PlyCount "36"]
[EventDate "2001.10.07"]
[EventType "team"]
[EventRounds "9"]
[EventCountry "GER"]
[SourceTitle "EXT 2003"]
[Source "ChessBase"]
[SourceDate "2002.11.25"]
[SourceVersion "1"]
[SourceVersionDate "2002.11.25"]
[SourceQuality "1"]
[WhiteTeam "Trostberg"]
[BlackTeam "Dorfen"]
[WhiteTeamCountry "GER"]
[BlackTeamCountry "GER"]

1. e4 e5 2. Nf3 Nc6 3. d4 exd4 4. Bc4 Nf6 5. 0-0 Nxe4 6. Re1 d5 7. Bxd5 Qxd5 8. Nc3 Qa5 9. Nxe4 Be6 10. Neg5 0-0-0 11. Nxe6 fxe6 12. Rxe6 Bd6 13. Bg5 Rde8 14. Qe2 Kd7 15. Re4 Qd5 16. Re1 Rxe4 17. Qxe4 Qxe4 18. Rxe4 Re8 1/2-1/2

[Event "Regionalliga SO 0001"]
[Site "Bayern"]
[Date "2001.03.11"]
[Round "7"]
[White "Marquardt, Christian"]
[Black "Steinberg, Sven"]
[Result "1/2-1/2"]
[WhiteElo "1780"]
[BlackElo "1925"]
[PlyCount "38"]
[EventDate "2000.10.15"]
[EventType "team-tourn"]
[EventRounds "9"]
[EventCountry "GER"]
[SourceTitle "EXT 2020"]
[Source "ChessBase"]
[SourceDate "2019.10.17"]
[SourceVersion "1"]
[SourceVersionDate "2019.10.17"]
[SourceQuality "1"]
[WhiteTeam "Tegernsee TV II"]
[BlackTeam "Trostberg TSV"]
[WhiteTeamCountry "GER"]
[BlackTeamCountry "GER"]

1. Nc3 c5 2. e4 Nc6 3. f4 g6 4. Nf3 Bg7 5. Bc4 e6 6. 0-0 Nge7 7. Qe1 0-0 8. d3 Nd4 9. Nxd4 Bxd4+ 10. Kh1 Bg7 11. Bd2 d5 12. Bb3 dxe4 13. Nxe4 b6 14. Bc3 Nc6 15. Bxg7 Kxg7 16. Ba4 Nd4 17. c3 Nf5 18. Bc6 Rb8 19. Nf2 Bb7 1/2-1/2

[Event "Regionalliga SO 9899"]
[Site "Bayern"]
[Date "1999.??.??"]
[Round "8.7"]
[White "Holzner, Stefan"]
[Black "Steinberg, Sven"]
[Result "1/2-1/2"]
[WhiteElo "1870"]
[BlackElo "1940"]
[PlyCount "28"]
[EventDate "1998.??.??"]
[EventType "team-tourn"]
[EventRounds "9"]
[EventCountry "GER"]
[SourceTitle "EXT 2020"]
[Source "ChessBase"]
[SourceDate "2019.10.17"]
[SourceVersion "1"]
[SourceVersionDate "2019.10.17"]
[SourceQuality "1"]
[WhiteTeam "Pang/Rosenheim II"]
[BlackTeam "Trostberg TSV"]
[WhiteTeamCountry "GER"]
[BlackTeamCountry "GER"]

1. e4 c5 2. Nf3 Nc6 3. Bb5 e6 4. Bxc6 bxc6 5. b3 d6 6. Bb2 e5 7. h3 Nf6 8. d3 Be7 9. Na3 a5 10. Nc4 a4 11. 0-0 0-0 12. Nfd2 Nd7 13. f4 exf4 14. Rxf4 Bf6 1/2-1/2

[Event "Regionalliga SO 9899"]
[Site "Bayern"]
[Date "1999.??.??"]
[Round "5.7"]
[White "Huber, Michael1111"]
[Black "Steinberg, Sven"]
[Result "1/2-1/2"]
[WhiteElo "1697"]
[BlackElo "1940"]
[PlyCount "38"]
[EventDate "1998.??.??"]
[EventType "team-tourn"]
[EventRounds "9"]
[EventCountry "GER"]
[SourceTitle "EXT 2020"]
[Source "ChessBase"]
[SourceDate "2019.10.17"]
[SourceVersion "1"]
[SourceVersionDate "2019.10.17"]
[SourceQuality "1"]
[WhiteTeam "Dorfen PSV"]
[BlackTeam "Trostberg TSV"]
[WhiteTeamCountry "GER"]
[BlackTeamCountry "GER"]

1. e4 c5 2. Nf3 Nc6 3. d4 cxd4 4. Nxd4 g6 5. c4 Nf6 6. Nc3 d6 7. Be2 Nxd4 8. Qxd4 Bg7 9. Qd2 Bd7 10. 0-0 0-0 11. Kh1 Bc6 12. f3 a5 13. a4 Nd7 14. Qc2 Nc5 15. b3 Qd7 16. Be3 f5 17. Rad1 Qe6 18. Bxc5 dxc5 19. Nd5 Bxd5 1/2-1/2

[Event "Regionalliga SO 9798"]
[Site "Bayern"]
[Date "1998.??.??"]
[Round "?.6"]
[White "Steinberg, Sven"]
[Black "Unterreitmeier, Reinhold"]
[Result "1-0"]
[WhiteElo "1970"]
[BlackElo "1855"]
[PlyCount "92"]
[EventDate "1997.10.19"]
[EventType "team-tourn"]
[EventRounds "9"]
[EventCountry "GER"]
[SourceTitle "EXT 2020"]
[Source "ChessBase"]
[SourceDate "2019.10.17"]
[SourceVersion "1"]
[SourceVersionDate "2019.10.17"]
[SourceQuality "1"]
[WhiteTeam "Trostberg TSV"]
[BlackTeam "Dorfen PSV"]
[WhiteTeamCountry "GER"]
[BlackTeamCountry "GER"]

1. e4 e5 2. Nf3 Nf6 3. Nxe5 d6 4. Nf3 Nxe4 5. d4 d5 6. Bd3 Be7 7. 0-0 0-0 8. c4 Bg4 9. Nc3 Nf6 10. cxd5 Nbd7 11. Bg5 Nb6 12. Bxf6 Bxf6 13. Be4 Qd7 14. Qd3 g6 15. Ne5 Qc8 16. a4 Bg7 17. h3 Bh5 18. a5 f5 19. axb6 fxe4 20. Qxe4 g5 21. bxa7 Rf4 22. Qe3 Qf8 23. Ne2 Bxe2 24. Qxe2 Rxd4 25. Nf3 Rxd5 26. Qe6+ Qf7 27. Qxf7+ Kxf7 28. Ra2 b6 29. b4 h6 30. Rc1 c5 31. bxc5 bxc5 32. Rb1 Rd7 33. Rb5 Raxa7 34. Rxa7 Rxa7 35. Rxc5 Ra6 36. Kh2 Kg6 37. g3 Bf6 38. Kg2 Rb6 39. Ra5 Rc6 40. g4 Rb6 41. Rd5 Bc3 42. Rc5 Bf6 43. Nd2 Ra6 44. Ne4 Rb6 45. Rf5 Be7 46. Rd5 Ra6 1-0

[Event "Landesliga Sued 9697"]
[Site "Bayern"]
[Date "1997.05.04"]
[Round "9"]
[White "Stocker, Rupert"]
[Black "Steinberg, Sven"]
[Result "1-0"]
[WhiteElo "2110"]
[BlackElo "1995"]
[PlyCount "43"]
[EventDate "1996.10.13"]
[EventType "team-tourn"]
[EventRounds "9"]
[EventCountry "GER"]
[SourceTitle "EXT 2020"]
[Source "ChessBase"]
[SourceDate "2019.10.17"]
[SourceVersion "1"]
[SourceVersionDate "2019.10.17"]
[SourceQuality "1"]
[WhiteTeam "Groebenzell"]
[BlackTeam "Trostberg TSV"]
[WhiteTeamCountry "GER"]
[BlackTeamCountry "GER"]

1. c4 c6 2. e4 d5 3. cxd5 cxd5 4. exd5 Nf6 5. Bb5+ Nbd7 6. Nc3 a6 7. Be2 Nb6 8. Bf3 Nbxd5 9. Qb3 e6 10. Nge2 Be7 11. 0-0 0-0 12. d4 h6 13. Nxd5 Nxd5 14. Nc3 Nxc3 15. bxc3 Rb8 16. a4 Qc7 17. c4 Bd7 18. Be3 b5 19. cxb5 axb5 20. a5 Qd6 21. a6 Bc6 22. Bf4 1-0

[Event "Landesliga Sued 9697"]
[Site "Bayern"]
[Date "1997.02.02"]
[Round "5"]
[White "Steinberg, Sven"]
[Black "Trassl, Franz"]
[Result "1/2-1/2"]
[WhiteElo "1995"]
[BlackElo "2005"]
[PlyCount "46"]
[EventDate "1996.10.13"]
[EventType "team-tourn"]
[EventRounds "9"]
[EventCountry "GER"]
[SourceTitle "EXT 2020"]
[Source "ChessBase"]
[SourceDate "2019.10.17"]
[SourceVersion "1"]
[SourceVersionDate "2019.10.17"]
[SourceQuality "1"]
[WhiteTeam "Trostberg TSV"]
[BlackTeam "Krumbach"]
[WhiteTeamCountry "GER"]
[BlackTeamCountry "GER"]

1. e4 e6 2. d4 d5 3. e5 c5 4. c3 Nc6 5. Nf3 Qb6 6. a3 c4 7. Nbd2 Na5 8. Be2 Bd7 9. 0-0 Ne7 10. Rb1 Rc8 11. h4 Bb5 12. Qe1 Ba4 13. Bd1 Nb3 14. Nxb3 Bxb3 15. Nd2 Bxd1 16. Qxd1 Nc6 17. Qg4 h5 18. Qg3 Ne7 19. Qf3 Nf5 20. g3 Be7 21. Qd1 Qc6 22. Nf3 b5 23. Bg5 a5 1/2-1/2

[Event "Landesliga Sued 9596"]
[Site "Bayern"]
[Date "1996.12.03"]
[Round "3"]
[White "Steinberg, Sven"]
[Black "Bonk, Markus"]
[Result "1/2-1/2"]
[WhiteElo "2005"]
[BlackElo "1970"]
[PlyCount "37"]
[EventDate "1995.10.15"]
[EventType "team-tourn"]
[EventRounds "9"]
[EventCountry "GER"]
[SourceTitle "EXT 2020"]
[Source "ChessBase"]
[SourceDate "2019.10.17"]
[SourceVersion "1"]
[SourceVersionDate "2019.10.17"]
[SourceQuality "1"]
[WhiteTeam "Trostberg TSV"]
[BlackTeam "Groebenzell"]
[WhiteTeamCountry "GER"]
[BlackTeamCountry "GER"]

1. e4 c5 2. c3 Nf6 3. e5 Nd5 4. d4 e6 5. Nf3 b6 6. c4 Nc7 7. d5 d6 8. Bd3 exd5 9. cxd5 dxe5 10. Nxe5 Bd6 11. Qa4+ Nd7 12. Nc6 Qf6 13. Qe4+ Kf8 14. 0-0 Ne5 15. Nxe5 Qxe5 16. Qxe5 Bxe5 17. Re1 f6 18. Nc3 Bb7 19. Be4 1/2-1/2

[Event "Landesliga Sued 9596"]
[Site "Bayern"]
[Date "1996.01.14"]
[Round "4"]
[White "Seidl, Jens"]
[Black "Steinberg, Sven"]
[Result "0-1"]
[WhiteElo "1780"]
[BlackElo "2005"]
[PlyCount "84"]
[EventDate "1995.10.15"]
[EventType "team-tourn"]
[EventRounds "9"]
[EventCountry "GER"]
[SourceTitle "EXT 2020"]
[Source "ChessBase"]
[SourceDate "2019.10.17"]
[SourceVersion "1"]
[SourceVersionDate "2019.10.17"]
[SourceQuality "1"]
[WhiteTeam "Krumbach"]
[BlackTeam "Trostberg TSV"]
[WhiteTeamCountry "GER"]
[BlackTeamCountry "GER"]

1. d4 Nf6 2. Nf3 e6 3. g3 c5 4. Bg2 Nc6 5. 0-0 cxd4 6. Nxd4 Bc5 7. Nb3 Bb6 8. Bf4 d5 9. N1d2 Nh5 10. e3 Nxf4 11. exf4 0-0 12. Nf3 Qf6 13. c3 Bd7 14. Qd3 Rac8 15. Rfe1 Rfd8 16. Rad1 h6 17. Nbd4 Nxd4 18. Nxd4 Rc4 19. Nf3 Bb5 20. Nd4 Ba6 21. Qd2 Bxd4 22. cxd4 Rdc8 23. Qe3 Rc2 24. Rd2 Qf5 25. Rxc2 Qxc2 26. b4 Rc3 27. Qe5 Qd2 28. h4 Qxa2 29. f5 Rc6 30. f6 Qd2 31. fxg7 Rc2 32. Qb8+ Kxg7 33. Qe5+ Kh7 34. Qe3 Qxe3 35. Rxe3 Rc1+ 36. Kh2 Rb1 37. g4 Rxb4 38. Kg3 Rxd4 39. f3 Rd3 40. Re1 Rc3 41. Kf4 Rc2 42. Bh3 Kg6 0-1

[Event "Landesliga Sued 9596"]
[Site "Bayern"]
[Date "1995.10.15"]
[Round "1"]
[White "Steinberg, Sven"]
[Black "Meszaros, Ignac"]
[Result "1/2-1/2"]
[WhiteElo "2010"]
[BlackElo "2035"]
[PlyCount "93"]
[EventDate "1995.10.15"]
[EventType "team-tourn"]
[EventRounds "9"]
[EventCountry "GER"]
[SourceTitle "EXT 2020"]
[Source "ChessBase"]
[SourceDate "2019.10.17"]
[SourceVersion "1"]
[SourceVersionDate "2019.10.17"]
[SourceQuality "1"]
[WhiteTeam "Trostberg TSV"]
[BlackTeam "Muenchen 36 II"]
[WhiteTeamCountry "GER"]
[BlackTeamCountry "GER"]

1. e4 Nc6 2. Nf3 d6 3. d4 g6 4. Nc3 Bg7 5. h3 Nf6 6. Be3 Bd7 7. Be2 e6 8. Qd2 h6 9. 0-0-0 d5 10. exd5 exd5 11. Bd3 Nb4 12. Ne5 Nxd3+ 13. Nxd3 Kf8 14. Rde1 Kg8 15. Ne5 Be6 16. f3 Nd7 17. Ng4 Qf8 18. Ne2 h5 19. Nf2 Nb6 20. b3 Qa3+ 21. Kb1 a5 22. Qc1 Qxc1+ 23. Bxc1 a4 24. Bb2 Kh7 25. Nf4 Rhe8 26. g4 hxg4 27. hxg4+ Kg8 28. Nxe6 Rxe6 29. Rxe6 fxe6 30. Nd3 axb3 31. axb3 Rf8 32. f4 Nd7 33. g5 b6 34. Re1 Kf7 35. Rh1 Rh8 36. Rxh8 Bxh8 37. Ka2 Bg7 38. Ka3 c6 39. Ka4 Bf8 40. Bc3 Bd6 41. Bb4 Bc7 42. Bd2 Bd6 43. Bb4 Bc7 44. Bd2 Bd6 45. Be3 Ke8 46. b4 Kd8 47. c3 1/2-1/2